<?xml version="1.0" encoding="UTF-8"?>
<record
    xmlns:xsi="http://www.w3.org/2001/XMLSchema-instance"
    xsi:schemaLocation="http://www.loc.gov/MARC21/slim http://www.loc.gov/standards/marcxml/schema/MARC21slim.xsd"
    xmlns="http://www.loc.gov/MARC21/slim">

  <leader>00616nam a22002177a 4500</leader>
  <controlfield tag="005">20250728140503.0</controlfield>
  <controlfield tag="008">211201b           ||||| |||| 00| 0 eng d</controlfield>
  <datafield tag="040" ind1=" " ind2=" ">
    <subfield code="c">AL</subfield>
  </datafield>
  <datafield tag="041" ind1=" " ind2=" ">
    <subfield code="a">eng</subfield>
  </datafield>
  <datafield tag="082" ind1=" " ind2=" ">
    <subfield code="2">23</subfield>
    <subfield code="a">657.48</subfield>
    <subfield code="b">MARF</subfield>
  </datafield>
  <datafield tag="100" ind1=" " ind2=" ">
    <subfield code="a">Mariyappa B</subfield>
    <subfield code="9">220490</subfield>
  </datafield>
  <datafield tag="245" ind1=" " ind2=" ">
    <subfield code="a">Financial  Accounting</subfield>
  </datafield>
  <datafield tag="260" ind1=" " ind2=" ">
    <subfield code="a">Mumbai</subfield>
    <subfield code="b">Himalaya Publishing House</subfield>
    <subfield code="c">2021</subfield>
  </datafield>
  <datafield tag="300" ind1=" " ind2=" ">
    <subfield code="a">237p</subfield>
    <subfield code="b">PB</subfield>
    <subfield code="c">24x16cm</subfield>
  </datafield>
  <datafield tag="365" ind1=" " ind2=" ">
    <subfield code="a">3764</subfield>
    <subfield code="b">&#x20B9;172.00</subfield>
    <subfield code="c">&#x20B9;</subfield>
    <subfield code="d">&#x20B9;215.00</subfield>
    <subfield code="e">20%</subfield>
    <subfield code="f">27-11-2021</subfield>
  </datafield>
  <datafield tag="650" ind1=" " ind2=" ">
    <subfield code="a">NEP I SEM BCOM</subfield>
    <subfield code="9">11098</subfield>
  </datafield>
  <datafield tag="700" ind1=" " ind2=" ">
    <subfield code="a">MARIYAPPA (B)</subfield>
    <subfield code="9">11099</subfield>
  </datafield>
  <datafield tag="700" ind1=" " ind2=" ">
    <subfield code="a">Kumar, Rajesh V</subfield>
    <subfield code="9">11100</subfield>
  </datafield>
  <datafield tag="700" ind1=" " ind2=" ">
    <subfield code="a">Kumar, Anil S</subfield>
    <subfield code="9">11101</subfield>
  </datafield>
  <datafield tag="942" ind1=" " ind2=" ">
    <subfield code="2">ddc</subfield>
    <subfield code="c">REF</subfield>
  </datafield>
  <datafield tag="999" ind1=" " ind2=" ">
    <subfield code="c">220853</subfield>
    <subfield code="d">220853</subfield>
  </datafield>
  <datafield tag="952" ind1=" " ind2=" ">
    <subfield code="0">0</subfield>
    <subfield code="1">0</subfield>
    <subfield code="2">ddc</subfield>
    <subfield code="4">0</subfield>
    <subfield code="7">0</subfield>
    <subfield code="8">COM</subfield>
    <subfield code="a">AL</subfield>
    <subfield code="b">AL</subfield>
    <subfield code="d">2021-11-30</subfield>
    <subfield code="e">Biblios Book Point</subfield>
    <subfield code="g">172.00</subfield>
    <subfield code="l">3</subfield>
    <subfield code="o">657.48 MARF</subfield>
    <subfield code="p">075111</subfield>
    <subfield code="r">2025-10-18 10:55:15</subfield>
    <subfield code="s">2025-05-03</subfield>
    <subfield code="v">215.00</subfield>
    <subfield code="w">2021-12-01</subfield>
    <subfield code="y">BK</subfield>
  </datafield>
  <datafield tag="952" ind1=" " ind2=" ">
    <subfield code="0">0</subfield>
    <subfield code="1">0</subfield>
    <subfield code="2">ddc</subfield>
    <subfield code="4">0</subfield>
    <subfield code="7">0</subfield>
    <subfield code="8">COM</subfield>
    <subfield code="a">AL</subfield>
    <subfield code="b">AL</subfield>
    <subfield code="d">2021-11-30</subfield>
    <subfield code="e">Biblios Book Point</subfield>
    <subfield code="g">172.00</subfield>
    <subfield code="l">1</subfield>
    <subfield code="o">657.48 MARF</subfield>
    <subfield code="p">075112</subfield>
    <subfield code="r">2026-01-10 12:06:32</subfield>
    <subfield code="s">2025-12-04</subfield>
    <subfield code="v">215.00</subfield>
    <subfield code="w">2021-12-01</subfield>
    <subfield code="y">BK</subfield>
  </datafield>
  <datafield tag="952" ind1=" " ind2=" ">
    <subfield code="0">0</subfield>
    <subfield code="1">0</subfield>
    <subfield code="2">ddc</subfield>
    <subfield code="4">0</subfield>
    <subfield code="7">0</subfield>
    <subfield code="8">COM</subfield>
    <subfield code="a">AL</subfield>
    <subfield code="b">AL</subfield>
    <subfield code="d">2021-11-30</subfield>
    <subfield code="e">Biblios Book Point</subfield>
    <subfield code="g">172.00</subfield>
    <subfield code="l">6</subfield>
    <subfield code="m">4</subfield>
    <subfield code="o">657.48 MARF</subfield>
    <subfield code="p">075113</subfield>
    <subfield code="r">2022-12-07 00:00:00</subfield>
    <subfield code="s">2022-11-29</subfield>
    <subfield code="v">215.00</subfield>
    <subfield code="w">2021-12-01</subfield>
    <subfield code="y">BK</subfield>
  </datafield>
  <datafield tag="952" ind1=" " ind2=" ">
    <subfield code="0">0</subfield>
    <subfield code="1">0</subfield>
    <subfield code="2">ddc</subfield>
    <subfield code="4">0</subfield>
    <subfield code="7">0</subfield>
    <subfield code="8">COM</subfield>
    <subfield code="a">AL</subfield>
    <subfield code="b">AL</subfield>
    <subfield code="d">2021-11-30</subfield>
    <subfield code="e">Biblios Book Point</subfield>
    <subfield code="g">172.00</subfield>
    <subfield code="l">2</subfield>
    <subfield code="m">1</subfield>
    <subfield code="o">657.48 MARF</subfield>
    <subfield code="p">075114</subfield>
    <subfield code="r">2022-12-14 00:00:00</subfield>
    <subfield code="s">2022-12-03</subfield>
    <subfield code="v">215.00</subfield>
    <subfield code="w">2021-12-01</subfield>
    <subfield code="y">BK</subfield>
  </datafield>
  <datafield tag="952" ind1=" " ind2=" ">
    <subfield code="0">0</subfield>
    <subfield code="1">0</subfield>
    <subfield code="2">ddc</subfield>
    <subfield code="4">0</subfield>
    <subfield code="7">0</subfield>
    <subfield code="8">COM</subfield>
    <subfield code="a">AL</subfield>
    <subfield code="b">AL</subfield>
    <subfield code="d">2021-11-30</subfield>
    <subfield code="e">Biblios Book Point</subfield>
    <subfield code="g">172.00</subfield>
    <subfield code="l">2</subfield>
    <subfield code="o">657.48 MARF</subfield>
    <subfield code="p">075115</subfield>
    <subfield code="r">2024-09-09 00:00:00</subfield>
    <subfield code="s">2024-07-03</subfield>
    <subfield code="v">215.00</subfield>
    <subfield code="w">2021-12-01</subfield>
    <subfield code="y">BK</subfield>
  </datafield>
  <datafield tag="952" ind1=" " ind2=" ">
    <subfield code="0">0</subfield>
    <subfield code="1">0</subfield>
    <subfield code="2">ddc</subfield>
    <subfield code="4">0</subfield>
    <subfield code="7">3</subfield>
    <subfield code="8">MAN</subfield>
    <subfield code="a">AL</subfield>
    <subfield code="b">AL</subfield>
    <subfield code="c">RS</subfield>
    <subfield code="d">2021-11-30</subfield>
    <subfield code="e">Biblios Book Point</subfield>
    <subfield code="g">172.00</subfield>
    <subfield code="l">1</subfield>
    <subfield code="o">657.48 MARF</subfield>
    <subfield code="p">075144</subfield>
    <subfield code="r">2023-12-01 00:00:00</subfield>
    <subfield code="s">2023-08-10</subfield>
    <subfield code="v">215.00</subfield>
    <subfield code="w">2021-12-01</subfield>
    <subfield code="y">REF</subfield>
  </datafield>
  <datafield tag="952" ind1=" " ind2=" ">
    <subfield code="0">0</subfield>
    <subfield code="1">0</subfield>
    <subfield code="2">ddc</subfield>
    <subfield code="4">0</subfield>
    <subfield code="7">0</subfield>
    <subfield code="8">MAN</subfield>
    <subfield code="a">AL</subfield>
    <subfield code="b">AL</subfield>
    <subfield code="d">2021-11-30</subfield>
    <subfield code="e">Biblios Book Point</subfield>
    <subfield code="g">172.00</subfield>
    <subfield code="l">0</subfield>
    <subfield code="o">657.48 MARF</subfield>
    <subfield code="p">075145</subfield>
    <subfield code="r">2021-12-01 00:00:00</subfield>
    <subfield code="v">215.00</subfield>
    <subfield code="w">2021-12-01</subfield>
    <subfield code="y">BK</subfield>
  </datafield>
</record>
